000 00519nam a22001932 4500
001 0000004987
005 20170406120249.0
008 141128s xx 000 0 eng d
020 _c$
040 _aYour Holding Symbol
_cYour Holding Symbol
100 1 _aSumner.John S.
245 1 0 _aGeophysics geologyic structures and tectonics.
250 _a ed.
260 _aDubuque :
_bBrown,
_c1969.
300 _a115 p. :
_bill ;
_c cm.
504 _aindex.
650 0 _atectonics.
908 _a141128
999 _c4794
_d4794